LEADER 01514nam a2200349 u 4500 001 000000073755 003 CaOOAMICUS 005 20220110172036.0 008 021030s1979 mnu u000 u eng u 020 $a0800660099 032 $aLibriCat 035 $a10943365 040 $aPUL$bita 041 1 $aeng$hgrc 100 1 $aBetz, Hans Dieter.$0(OLS)http://pul/name/18696 245 10$aGalatians :$ba Commentary on Paul's Letter to the Churches in Galatia /$cby Hans Dieter Betz. 260 $aMinneapolis :$bFortress Press,$c1979. 300 $axxx, 352 p. ;$c25 cm 490 1 $aHermeneia : a critical and historical commentary on the Bible 500 $aIncludes bibliographical references (p. 336-340) and index. 630 04$aBiblia.$pN.T.$pAd Galatas.$0(OLS)http://pul/subject/19957 650 4$aGalatians.$0(OLS)http://pul/subject/25866 700 1 $aBetz, Hans Dieter.$0(OLS)http://pul/name/18696 830 0$aHermeneia : a critical and historical commentary on the Bible.$0(OLS)http://pul/title/16749 850 $aPUL 852 $aPUL$W1$xSL Religione 1$y3$m6(1) E 55$j95282$nBK-PRI$b $qStampati$B95282$CPULBib$Z2$F95282 $H $81 941 1 $a8 961 $aINV: 87863 996 $6020$a0800660099$9(OLS)http://pul/number/95232 996 $6245$aGalatians :$ba Commentary on Paul's Letter to the Churches in Galatia$9(OLS)http://pul/title/96920 996 $6260$aMinneapolis :$bFortress Press$9(OLS)http://pul/publisher/52703 LEADER 01075nam a2200277 u 4500 001 000000076034 003 CaOOAMICUS 005 20070226123151.0 008 031104s1994 it u000 u ita u 020 $a8820724294 035 $a10974843 040 $aPUL$bita 100 1 $aHobbes, Thomas,$d1588-1679.$0(OLS)http://pul/name/8095 245 12$aL'arte della retorica /$cThomas Hobbes ; introduzione e traduzione a cura di Rosaria Carotenuto. 260 $aNapoli :$bLiguori,$c1994. 300 $a119 p. ;$c20 cm 490 1 $aStrumenti. 504 $aBibliografia in nota 650 4$aRetorica antica.$0(OLS)http://pul/subject/759 830 0$aStrumenti (Liguori).$0(OLS)http://pul/title/99723 850 $aPUL 852 $aPUL$W1$xSL Filosofia 1$y2$m83 B 67$j97708$nBK-PRI$b $qStampati$B97708$CPULBib$Z2$F97708 $H92607 $81 941 1 $a8 996 $6020$a8820724294$9(OLS)http://pul/number/99569 996 $6245$aL'arte della retorica$9(OLS)http://pul/title/99722 996 $6260$aNapoli :$bLiguori$9(OLS)http://pul/publisher/48007